000 00808nas a2200265 4500
001 BR0706113
003 BR-BrBNA
005 20231205111241.0
007 ta
008 230509b bl.|||p| |||| 00| 00por d
040 _aBR-BrBNA
_bpor
_cBiblioteca Nacional de Agricultura
041 _a(Pt)
072 _aL02
100 1 _aBarnabé, R.C.
100 1 _aMasotti, N.
100 1 _aAndreasi, F.
245 1 _aEmprego de suplemento de cobalto, sob a forma de balas (bullets), em bovinos
650 _aBOVINO
650 _aCOBALTO
650 _aSUPLEMENTO ALIMENTAR
650 _aNUTRIÇÃO ANIMAL
773 0 _tRevista da Faculdade de Medicina Veterinária (Brazil)
_xISSN 0301-7273
_g(1966-1967), v. 7(3) p. 623-635
_wBR0706113
909 _a202311
_bLúcia
_c55
_dLúcia Elande
942 _2AGRIS
_n0
_cANA
999 _c191620
_d191620